Developments in the Field of Innovations in China and Chinese Exports

Cieľom článku je preskúmať, či sú snahy o rozšírenie inovácií v Číne odzrkadlené v čínskom exporte. Používa sa kvalitatívny, kvantitatívny prístup a regresná analýza.

Gespeichert in:
Bibliographische Detailangaben
1. Verfasser: Kittová, Zuzana, 1975-
Weitere Verfasser: Družbacká, Barbora, 1995-
Format: Buchkapitel
Sprache:Englisch
Schlagworte:
Tags: Tag hinzufügen
Keine Tags, Fügen Sie das erste Tag hinzu!

MARC

LEADER 00000naa a2200000 4500
001 0296476
005 20240502083954.3
041 0 |a eng 
044 |a HR 
245 1 0 |a Developments in the Field of Innovations in China and Chinese Exports  |c Zuzana Kittová, Barbora Družbacká 
520 |a Cieľom článku je preskúmať, či sú snahy o rozšírenie inovácií v Číne odzrkadlené v čínskom exporte. Používa sa kvalitatívny, kvantitatívny prístup a regresná analýza. 
610 2 0 |a obchod medzinárodný 
610 2 0 |a vývoz 
610 2 0 |a inovácie technologické 
610 2 0 |a patenty 
610 2 0 |a hodnota pridaná ekonomická 
100 1 |a Kittová, Zuzana, 1975- 
700 1 |a Družbacká, Barbora, 1995-